| 000 | 00738nam a2200193 i 4500 | ||
|---|---|---|---|
| 001 | 76596 | ||
| 003 | ES-MaACL | ||
| 005 | 20250416221831.0 | ||
| 007 | t| | ||
| 008 | 041004s1979 sp ||||1| spa d | ||
| 245 | 0 | 3 |
_aLa guirnalda de Afrodita _b: colección de epigramas amorosos de la antología griega / _cpor A. Ferdinand Herold ; versión, Enrique Fernández Latour ; introducción, nrique Antonio Villena. |
| 260 |
_a[Madrid : _bAlberto Corazón, _c1979] ( _fMontaña) |
||
| 300 |
_a187 p. ; _c19 cm. |
||
| 700 | 1 |
_aHerold, A. Ferdinand. _963127 |
|
| 700 | 1 |
_aFernández Latour, Enrique. _949865 |
|
| 700 | 1 |
_aVillena, Luis Antonio de, _d1951- _9240059 |
|
| 852 |
_aES-MaACL _jA-10926 _bR.99523 |
||
| 999 |
_c76596 _d76596 |
||